00369pab a2200133 454500008004000000100001500040245007200055260000900127300001300136362000800149650001100157700002200168773004500190180718b2004 xxu||||| |||| 00| 0 eng d aLu, Haoran aBudget change in Georgia counties: examining patterns and practices c2004 ap.67-93. aMar aBudget aFacer, Rex L., II aAmerican Review of Public Administration